000 00489nam a2200181Ia 4500
008 210719s2012 xx 000 0 und d
020 _a978-93-81431-58-0
041 _aeng
082 _a922.943 BURD
100 _aBUREAU OF HIS HOLINESS THE DALAI LAMA
245 _aDalai lama: an ocean of compassion
260 _aAustralia
_c2012
300 _avi,180
_bHB
365 _cRs
650 _aBiography
650 _aBiography
906 _aan ; compassion ; Dalai ; lama: ; ocean ; of
999 _c215462
_d215462